Gramática latina : (Record no. 26402)

MARC details
000 -CABECERA
campo de control de longitud fija 00884nam a2200277 a 4500
003 - IDENTIFICADOR DEL NÚMERO DE CONTROL
campo de control MX-MxUPN
005 - FECHA Y HORA DE LA ÚLTIMA TRANSACCIÓN
campo de control 20240816125743.0
008 - ELEMENTOS DE LONGITUD FIJA--INFORMACIÓN GENERAL
campo de control de longitud fija 991125s1914 mx dr 000 0 spa d
035 ## - NÚMERO DE CONTROL DEL SISTEMA
Número de control de sistema UPN01000026402
040 ## - FUENTE DE LA CATALOGACIÓN
Centro catalogador/agencia de origen MX-MxUPN
Lengua de catalogación spa
Centro/agencia transcriptor MX-MxUPN
041 ## - CÓDIGO DE IDIOMA
Código de lengua del texto/banda sonora o título independiente spa
Código de lengua original fre
050 #4 - SIGNATURA TOPOGRÁFICA DE LA BIBLIOTECA DEL CONGRESO
Número de clasificación PA2071
Número de documento/Ítem R5.38 1914
100 1# - ASIENTO PRINCIPAL--NOMBRE PERSONAL
Nombre de persona Riemann, Othon,
9 (RLIN) 53075
Fechas asociadas al nombre 1853-1891
100 1# - ASIENTO PRINCIPAL--NOMBRE PERSONAL
Nombre de persona Goelzer, E.,
9 (RLIN) 53077
245 10 - MENCIÓN DE TÍTULO
Título Gramática latina :
Resto del título curso preparatoria
250 ## - MENCIÓN DE EDICIÓN
Mención de edición Segunda edición
260 ## - PUBLICACIÓN, DISTRIBUCIÓN, ETC.
Lugar de publicación, distribución, etc. Morelia :
Nombre del editor, distribuidor, etc. Tipografía de Agustín Martínez Mier,
Fecha de publicación, distribución, etc. 1914.
300 ## - DESCRIPCIÓN FÍSICA
Extensión ii, 172, 36 páginas :
Otras características físicas cuadros
490 0# - MENCIÓN DE SERIE
Mención de serie Curso de latinidad
500 ## - NOTA GENERAL
Nota general "Teoría y ejercicios, temas y versiones, ejercicios de memoria, vocabularios"
650 #4 - ASIENTO SECUNDARIO DE MATERIA - TERMINO TEMATICO
Término de materia o nombre geográfico como elemento de entrada Latín
Subdivisión general Estudio y enseñanza
9 (RLIN) 23836
902 ## - ELEMENTOS DE DATOS B LOCAL, LDB (RLIN)
Modificó MaríaRobles/160824
904 ## - ELEMENTOS DE DATOS D LOCAL, LDD (RLIN)
a AC
b 026403
905 ## - TIPO DE MATERIAL
Tipo de material Libro
942 ## - ELEMENTOS DE PUNTO DE ACCESO ADICIONAL (KOHA)
Fuente del sistema de clasificación o colocación Library of Congress Classification
Tipo de ítem Koha Libro
Suprimir en OPAC No
Holdings
Estado de retiro Estado de pérdida Fuente del sistema de clasificación o colocación Estado dañado No para préstamo Código de colección Localización permanente Ubicación/localización actual Ubicación en estantería Fecha de adquisición Clasificación Código de barras Fecha visto por última vez Tipo de ítem Koha
    Library of Congress Classification   Disponible (Previa cita) Fondo Reservado de libros Bib. Gregorio Torres Quintero Bib. Gregorio Torres Quintero Sala de Fondos Reservados Planta alta 13/09/2022 PA2071 R5.38 1914 122686 31/12/2020 Libro